[Event "Mondiale Lampo FIDE 2019"]
[Site "Mosca"]
[Date "29.12.2019"]
[Round "10.97"]
[White "Kryakvin, Dmitry"]
[Black "Mamatov, Melis"]
[Result "1-0"]
[WhiteTitle "GM"]
[WhiteElo "2596"]
[BlackElo "2292"]
[WhiteFideId "4153278"]
[BlackFideId "13800027"]
[EventDate "2019.12.29"]

1. d4 d5 2. c4 c6 3. Nf3 Nf6 4. Nc3 e6 5. cxd5 cxd5 6. Bg5 Be7 7. e3 Nc6 8. Bd3
O-O 9. Rc1 Ne8 10. Bf4 Bd6 11. Bg3 Nf6 12. Ne5 Bxe5 13. dxe5 Nd7 14. O-O Ndxe5
15. Bxe5 Nxe5 16. Bxh7+ Kxh7 17. Qh5+ Kg8 18. Qxe5 Bd7 19. e4 dxe4 20. Rfd1 Qe8
21. Nxe4 Bc6 22. Nf6+ gxf6 23. Qg3+ Kh8 24. Rd4 1-0

[Event "Mondiale Lampo FIDE 2019"]
[Site "Mosca"]
[Date "29.12.2019"]
[Round "10.98"]
[White "Zarubitski, Viachaslau"]
[Black "Shcherbakov, Ruslan"]
[Result "0-1"]
[WhiteTitle "IM"]
[BlackTitle "GM"]
[WhiteElo "2451"]
[BlackElo "2527"]
[WhiteFideId "13509373"]
[BlackFideId "4102240"]
[EventDate "2019.12.29"]

1. e4 c5 2. Nf3 Nc6 3. Bb5 g6 4. O-O Bg7 5. c3 Nf6 6. Re1 O-O 7. h3 e5 8. d4
cxd4 9. cxd4 exd4 10. e5 Nd5 11. Bg5 Qb6 12. Bc4 Nc7 13. Nbd2 Ne6 14. Bf6 Bxf6
15. exf6 Qd8 16. Bxe6 fxe6 17. Ne4 d5 18. f7+ Rxf7 19. Neg5 Rf6 20. Nxd4 Qb6 21.
Ndxe6 Bxe6 22. Nxe6 Qxf2+ 23. Kh2 Qf5 24. Nc5 b6 25. Nd3 Rd8 26. Kh1 Kg7 27. Qd2
d4 28. Rac1 h5 29. Qc2 Rdd6 30. Qb3 Rde6 31. Rxe6 Qxe6 32. Qa4 Qd5 33. Re1 Re6
34. Rf1 Re2 35. Nf4 Qe4 36. Nxe2 Qxe2 37. Qd1 Qxd1 38. Rxd1 Kf6 39. Re1 Ne5 40.
Kg1 Nd3 41. Re2 Nc1 42. Rd2 Ke5 43. b3 d3 44. Kf2 Kd4 45. Kf3 g5 46. g3 a5 47.
h4 g4+ 48. Kf2 b5 49. a4 Nxb3 50. Ra2 b4 51. Rb2 Nc5 52. Ra2 b3 53. Ra1 b2 54.
Re1 Kc3 55. Ke3 Nb3 56. Rd1 Nc1 0-1

[Event "Mondiale Lampo FIDE 2019"]
[Site "Mosca"]
[Date "29.12.2019"]
[Round "10.99"]
[White "Mikhailovsky, Vladimir"]
[Black "Al Ghamdi, Ahmed M"]
[Result "1-0"]
[WhiteTitle "CM"]
[BlackTitle "CM"]
[WhiteElo "2209"]
[BlackElo "2107"]
[WhiteFideId "34105414"]
[BlackFideId "21500150"]
[EventDate "2019.12.29"]

1. Nf3 Nf6 2. b3 g6 3. Bb2 Bg7 4. e3 d6 5. d4 O-O 6. Be2 e5 7. dxe5 Nfd7 8. O-O
Nc6 9. c4 Ndxe5 10. Nc3 a5 11. a3 a4 12. b4 Nxf3+ 13. Bxf3 Be6 14. Qe2 Ne5 15.
Bd5 c6 16. Bxe6 fxe6 17. Rad1 Qe7 18. e4 Nf7 19. f4 Qh4 20. g3 Qh3 21. Rd3 e5
22. Nd1 exf4 23. gxf4 Qe6 24. f5 gxf5 25. Rg3 Ne5 26. exf5 Rxf5 27. Ne3 Rxf1+
28. Qxf1 Rf8 29. Qg2 Rf7 30. h4 Kh8 31. h5 Qf6 32. Ng4 Nf3+ 33. Kh1 Qxb2 34.
Rxf3 Rxf3 35. Qxf3 Qc1+ 36. Kg2 Qxc4 37. h6 Qc2+ 38. Kh3 Qg6 39. hxg7+ Kxg7 40.
Qc3+ Kf7 41. Qf3+ Ke6 42. Qe3+ Kd7 43. Qd4 h5 44. Ne5+ 1-0

[Event "Mondiale Lampo FIDE 2019"]
[Site "Mosca"]
[Date "29.12.2019"]
[Round "10.100"]
[White "Belousov, Danila"]
[Black "Thing, Bibek"]
[Result "1-0"]
[WhiteTitle "FM"]
[BlackTitle "CM"]
[WhiteElo "2274"]
[BlackElo "2222"]
[WhiteFideId "4167350"]
[BlackFideId "12303135"]
[EventDate "2019.12.29"]

1. e4 c5 2. Nf3 d6 3. d4 cxd4 4. Nxd4 Nf6 5. Nc3 a6 6. Rg1 b5 7. g4 Bb7 8. g5
Nxe4 9. Nxe4 Bxe4 10. Qg4 Bb7 11. Bg2 Bxg2 12. Qxg2 Nd7 13. g6 hxg6 14. Ne6 Qc8
15. Qxa8 Nb8 16. Nxf8 Kxf8 17. Be3 1-0

[Event "Mondiale Lampo FIDE 2019"]
[Site "Mosca"]
[Date "29.12.2019"]
[Round "10.101"]
[White "Usov, Aleksandr E."]
[Black "Al Nhier, Hamoud"]
[Result "1-0"]
[BlackTitle "FM"]
[WhiteElo "2012"]
[BlackElo "1934"]
[WhiteFideId "24257109"]
[BlackFideId "21500045"]
[EventDate "2019.12.29"]

1. e4 Nc6 2. d4 e5 3. Nf3 exd4 4. Bc4 Nf6 5. e5 d5 6. Bb5 Ne4 7. Nxd4 Bd7 8.
Bxc6 bxc6 9. O-O Bc5 10. f3 Ng5 11. Be3 Bb6 12. f4 Ne4 13. Nd2 Nxd2 14. Qxd2 c5
15. Nf3 d4 16. Bf2 Bc6 17. f5 Qd5 18. Bh4 Kd7 19. c4 dxc3 20. Qxc3 Kc8 21. Rad1
Qe4 22. Rde1 Qxf5 23. Nd4 Qg6 24. Nxc6 Qxc6 25. Rxf7 g5 26. Bg3 c4+ 27. Kh1 Kb7
28. e6 h5 29. Qb4 h4 30. Rxc7+ Qxc7 31. Bxc7 Kxc7 32. Qxc4+ 1-0

[Event "Mondiale Lampo FIDE 2019"]
[Site "Mosca"]
[Date "29.12.2019"]
[Round "10.102"]
[White "Miranda Neto, Jayme Amorim"]
[Black "Al Mutairi, Hassan S"]
[Result "1-0"]
[WhiteTitle "CM"]
[BlackTitle "CM"]
[WhiteElo "2102"]
[BlackElo "1883"]
[WhiteFideId "2115964"]
[BlackFideId "21500193"]
[EventDate "2019.12.29"]

1. d4 d5 2. Nf3 Bf5 3. e3 e6 4. c4 Nc6 5. a3 Nf6 6. Be2 Bd6 7. O-O O-O 8. Nc3
dxc4 9. Bxc4 e5 10. Nb5 e4 11. Nxd6 exf3 12. Nxf5 fxg2 13. Kxg2 Qd7 14. Qf3 Rfe8
15. Rg1 Ne4 16. Kh1 g6 17. Nh6+ Kg7 18. Nxf7 Re7 19. b4 Rf8 20. Bb2 Rfxf7 21.
Bxf7 Nd2 22. d5+ Ne5 23. Qf4 Nf3 24. Qxf3 Rxf7 25. Bxe5+ Kg8 26. Qe4 Rf5 27. Bd4
Rxd5 28. Rac1 c6 29. Rc5 Rd6 30. Re5 1-0

[Event "Mondiale Lampo FIDE 2019"]
[Site "Mosca"]
[Date "29.12.2019"]
[Round "11.1"]
[White "Vidit, Santosh Gujrathi"]
[Black "Artemiev, Vladislav"]
[Result "1/2-1/2"]
[WhiteTitle "GM"]
[BlackTitle "GM"]
[WhiteElo "2721"]
[BlackElo "2731"]
[WhiteFideId "5029465"]
[BlackFideId "24101605"]
[EventDate "2019.12.29"]

1. d4 d5 2. c4 c6 3. Nc3 Nf6 4. Nf3 a6 5. cxd5 cxd5 6. Bf4 Nc6 7. Rc1 Nh5 8. Bd2
g6 9. e3 Bg7 10. Be2 O-O 11. O-O Nf6 12. Na4 Ne4 13. Nc5 Nxd2 14. Qxd2 Qd6 15.
Rc3 e5 16. dxe5 Nxe5 17. Rcc1 Rd8 18. Rfd1 Nc6 19. h3 Qe7 20. Nb3 Bd7 21. Nbd4
Rac8 22. Rc3 Qd6 23. Rdc1 Nxd4 24. Nxd4 Rxc3 25. Rxc3 Rc8 26. Rxc8+ Bxc8 27. Bf3
Bd7 28. b3 Qc5 29. Ne2 Bc6 30. Nd4 Bxd4 31. exd4 Qe7 32. g3 Kg7 33. h4 h6 34.
Kg2 Qe6 35. b4 Bb5 36. a3 Bc4 37. Qf4 Qe1 38. Qe3 Qxe3 39. fxe3 f5 40. Kf2 Kf6
41. Bg2 g5 42. hxg5+ hxg5 1/2-1/2

[Event "Mondiale Lampo FIDE 2019"]
[Site "Mosca"]
[Date "29.12.2019"]
[Round "11.3"]
[White "Duda, Jan-Krzysztof"]
[Black "Sargissian, Gabriel"]
[Result "1/2-1/2"]
[WhiteTitle "GM"]
[BlackTitle "GM"]
[WhiteElo "2758"]
[BlackElo "2689"]
[WhiteFideId "1170546"]
[BlackFideId "13300881"]
[EventDate "2019.12.29"]

1. d4 Nf6 2. c3 d5 3. Bf4 c6 4. e3 Bf5 5. Nf3 e6 6. Nh4 Bg6 7. Nxg6 hxg6 8. Nd2
Bd6 9. g3 Be7 10. h4 Qb6 11. Rb1 Nh5 12. Bd3 Nxf4 13. exf4 Nd7 14. Nf3 c5 15.
O-O cxd4 16. Nxd4 Bf6 17. Nf3 Nc5 18. Bc2 O-O-O 19. Kg2 Kb8 20. Qe2 Qa6 21. Qe3
Qb6 22. a4 Nd7 23. Qe2 Rhe8 24. Rfd1 Qc7 25. Rbc1 e5 26. fxe5 Nxe5 27. Nxe5 Rxe5
28. Qf3 Qc6 29. Rd2 Re7 30. Rcd1 Red7 31. Bb3 d4 32. Qxc6 bxc6 33. cxd4 Rxd4 34.
Rxd4 Rxd4 35. Rxd4 Bxd4 36. Bxf7 g5 37. hxg5 Bxb2 38. f4 Kc7 39. Kf3 Kd6 40. Ke4
Ke7 41. Bc4 Kf8 42. Kf5 a5 43. Kg6 Bc3 44. Be6 Be1 45. g4 Bd2 46. f5 Bc3 47. Bd7
c5 48. Bb5 Bb2 49. Bc4 Bc3 50. Kh5 Bd2 51. f6 Bc3 52. Kg6 Bb2 53. Kf5 Bc3 54.
Ke6 Bb2 55. Bd3 Bc3 56. Be2 Bb2 57. f7 Bc1 58. g6 Bd2 59. Kd5 Be1 1/2-1/2

[Event "Mondiale Lampo FIDE 2019"]
[Site "Mosca"]
[Date "29.12.2019"]
[Round "11.4"]
[White "Socko, Bartosz"]
[Black "Dubov, Daniil"]
[Result "0-1"]
[WhiteTitle "GM"]
[BlackTitle "GM"]
[WhiteElo "2618"]
[BlackElo "2690"]
[WhiteFideId "1107038"]
[BlackFideId "24126055"]
[EventDate "2019.12.29"]

1. d4 Nf6 2. c4 g6 3. Nf3 Bg7 4. g3 c6 5. Bg2 d5 6. Nbd2 O-O 7. O-O a5 8. b3 Ne4
9. Bb2 Bf5 10. Nh4 Nxd2 11. Qxd2 Be6 12. c5 Qc8 13. a3 Bh3 14. b4 Bxg2 15. Kxg2
Nd7 16. Nf3 Qc7 17. Rfc1 Rfe8 18. e3 e5 19. dxe5 Nxe5 20. Nxe5 Bxe5 21. Bd4 h5
22. Rab1 Bxd4 23. exd4 axb4 24. axb4 Qd7 25. Re1 Qf5 26. Rxe8+ Rxe8 27. Re1 Rxe1
28. Qxe1 h4 29. h3 hxg3 30. fxg3 Qc2+ 31. Kf3 Qd3+ 32. Qe3 Qf1+ 33. Qf2 Qxh3 34.
Ke3 Qe6+ 35. Kd2 g5 36. Kc3 Kg7 37. Qd2 Kg6 38. b5 Qe4 39. bxc6 bxc6 40. Qf2 f5
41. Qg1 Kh5 42. Qd1+ g4 43. Qg1 Qe2 44. Qh1+ Kg6 45. Qh8 Qe3+ 46. Kc2 Qf2+ 47.
Kc1 Qg1+ 48. Kc2 Qg2+ 49. Kc1 Qxg3 50. Qe8+ Kg5 51. Qxc6 Qc3+ 52. Kb1 Qb3+ 53.
Kc1 Qc4+ 54. Kb1 g3 55. Qc7 Qb3+ 56. Kc1 Qc3+ 57. Kb1 Qe1+ 58. Kb2 Qf2+ 59. Kb3
g2 60. Qg7+ Kf4 61. Qe5+ Kg4 62. Qg7+ Kf3 0-1

[Event "Mondiale Lampo FIDE 2019"]
[Site "Mosca"]
[Date "29.12.2019"]
[Round "11.5"]
[White "Ponkratov, Pavel"]
[Black "Matlakov, Maxim"]
[Result "0-1"]
[WhiteTitle "GM"]
[BlackTitle "GM"]
[WhiteElo "2632"]
[BlackElo "2699"]
[WhiteFideId "4157800"]
[BlackFideId "4168003"]
[EventDate "2019.12.29"]

1. e4 e5 2. Nc3 Nf6 3. d4 exd4 4. Qxd4 Nc6 5. Qc4 Bb4 6. Bd2 O-O 7. O-O-O d6 8.
f3 Re8 9. Qe2 a5 10. a3 Ne5 11. g4 Be6 12. Qg2 Nc4 13. Bxc4 Bxc4 14. g5 Nd7 15.
h4 b5 16. axb4 axb4 17. b3 bxc3 18. Bxc3 b4 19. Bb2 Be6 20. f4 Nc5 21. g6 fxg6
22. h5 Ra2 23. hxg6 h6 24. f5 Qa8 25. f6 gxf6 26. Rxh6 Ra1+ 27. Bxa1 Qxa1+ 28.
Kd2 Qd4+ 29. Kc1 Qa1+ 30. Kd2 Qd4+ 31. Kc1 Nxb3+ 0-1

[Event "Mondiale Lampo FIDE 2019"]
[Site "Mosca"]
[Date "29.12.2019"]
[Round "11.6"]
[White "Nepomniachtchi, Ian"]
[Black "Firouzja, Alireza"]
[Result "1-0"]
[WhiteTitle "GM"]
[BlackTitle "GM"]
[WhiteElo "2767"]
[BlackElo "2723"]
[WhiteFideId "4168119"]
[BlackFideId "12573981"]
[EventDate "2019.12.29"]

1. e4 c5 2. Nf3 e6 3. d4 cxd4 4. Nxd4 a6 5. Nc3 Qc7 6. Qf3 Qe5 7. Nb3 Nf6 8. Be2
Qc7 9. Bg5 Be7 10. O-O-O d6 11. Qg3 Nbd7 12. f4 h6 13. Bh4 g5 14. fxg5 Rg8 15.
Kb1 Ne5 16. Rhf1 Nfd7 17. Qf2 hxg5 18. Bg3 b5 19. Nd4 b4 20. Bxe5 Nxe5 21. Bh5
Rf8 22. Nce2 Bd7 23. Nf3 O-O-O 24. Nxe5 dxe5 25. Bxf7 Kb8 26. Qe1 Bb5 27. Bxe6
Rxd1+ 28. Qxd1 Rxf1 29. Qxf1 Qc5 30. Bg4 Qe3 31. Qf7 Bc5 32. Nc1 Qg1 33. Qg8+
Ka7 34. Qg7+ Kb6 35. Qf6+ Ka5 36. Qd8+ Bb6 37. Qd1 Qxd1 38. Bxd1 Bg1 39. h3 Bf1
40. Bf3 Kb6 41. c3 bxc3 42. bxc3 Be3 43. Kc2 Kc5 44. Nd3+ Kd6 45. Nb4 Bc4 46.
Kb2 a5 47. Nc2 Bc5 48. Na3 Bf1 49. Nb1 Be3 50. Kc2 Bc4 51. a3 Bc5 52. Nd2 Ba6
53. Kb2 Bd3 54. Bd1 Be3 55. Bc2 Ba6 56. Nf3 Bf1 57. Ne1 Bf2 58. Bd3 Bxe1 59.
Bxf1 Kc5 60. Kb3 Bd2 61. Kc2 Bf4 62. a4 g4 63. h4 g3 64. h5 Kd6 65. Kd3 Ke6 66.
Be2 Kf6 67. c4 1-0

[Event "Mondiale Lampo FIDE 2019"]
[Site "Mosca"]
[Date "29.12.2019"]
[Round "11.7"]
[White "Chigaev, Maksim"]
[Black "Yu, Yangyi"]
[Result "0-1"]
[WhiteTitle "GM"]
[BlackTitle "GM"]
[WhiteElo "2631"]
[BlackElo "2738"]
[WhiteFideId "4108116"]
[BlackFideId "8603820"]
[EventDate "2019.12.29"]

1. e4 e5 2. Nf3 Nf6 3. d3 Nc6 4. g3 Bc5 5. Bg2 d6 6. O-O O-O 7. Nc3 a5 8. h3 a4
9. a3 Nd4 10. Nxd4 Bxd4 11. Kh2 c6 12. f4 h6 13. Ne2 Ba7 14. Ng1 Re8 15. fxe5
dxe5 16. Qf3 Be6 17. Bxh6 Ng4+ 18. hxg4 gxh6 19. Bh3 Kg7 20. Qe2 Bxg1+ 21. Kxg1
Qg5 22. Rf2 h5 23. Qd2 Qxd2 24. Rxd2 hxg4 25. Bg2 Rh8 26. Kf2 c5 27. c3 Rad8 28.
Ke3 Rh2 29. Rh1 Rdh8 30. Rxh2 Rxh2 31. Kf2 Kf6 32. Rd1 Rh8 33. d4 cxd4 34. cxd4
Rc8 35. d5 Rc2+ 36. Kg1 Bd7 37. Rb1 Ke7 38. b3 b5 39. bxa4 bxa4 40. Bf1 Rc3 41.
Rb7 Rxg3+ 42. Kh2 Rb3 43. Ra7 Kd6 44. Ra6+ Kc5 45. Ra7 Kd6 46. Ra6+ Kc5 47. Ra7
Rb2+ 48. Kg3 Rb3+ 49. Kh4 Kd6 50. Ra6+ Ke7 51. Kg5 g3 52. Ra7 g2 53. Bxg2 Rg3+
54. Kh4 Rxg2 0-1

[Event "Mondiale Lampo FIDE 2019"]
[Site "Mosca"]
[Date "29.12.2019"]
[Round "11.8"]
[White "Andreikin, Dmitry"]
[Black "Dreev, Aleksey"]
[Result "0-1"]
[WhiteTitle "GM"]
[BlackTitle "GM"]
[WhiteElo "2724"]
[BlackElo "2677"]
[WhiteFideId "4158814"]
[BlackFideId "4100107"]
[EventDate "2019.12.29"]

1. d4 d5 2. Nf3 Nf6 3. c4 c6 4. e3 Bg4 5. h3 Bh5 6. Nc3 e6 7. g4 Bg6 8. Ne5 Nbd7
9. Nxg6 hxg6 10. a3 g5 11. Bd2 Be7 12. Qf3 Nb6 13. b3 Rc8 14. c5 Nbd7 15. b4 Qc7
16. Bg2 Nf8 17. Qe2 Ng6 18. O-O-O b6 19. Kc2 e5 20. dxe5 Qxe5 21. cxb6 axb6 22.
f4 gxf4 23. exf4 Qxe2 24. Nxe2 Nh4 25. Bf1 c5 26. bxc5 Bxc5 27. Kb3 O-O 28. Be1
Nf3 29. Bg2 Nxe1 30. Rhxe1 Rfe8 31. Nc3 Rxe1 32. Rxe1 Bxa3 33. g5 Nh5 34. Nxd5
Bd6 35. f5 Nf4 36. Nxf4 Bxf4 37. g6 Kf8 38. Bd5 fxg6 39. fxg6 Bh6 40. Bf7 Bg5
41. Re4 Bf6 42. Kb4 Be7+ 43. Kb5 Rc5+ 44. Kxb6 Rh5 45. Rc4 Bf6 46. Re4 Re5 47.
Ra4 Rh5 48. Ra8+ Ke7 49. Ra7+ Kd6 50. Ra4 Rxh3 51. Kb5 0-1

[Event "Mondiale Lampo FIDE 2019"]
[Site "Mosca"]
[Date "29.12.2019"]
[Round "11.9"]
[White "Petrosyan, Manuel"]
[Black "Giri, Anish"]
[Result "1/2-1/2"]
[WhiteTitle "GM"]
[BlackTitle "GM"]
[WhiteElo "2613"]
[BlackElo "2769"]
[WhiteFideId "13300857"]
[BlackFideId "24116068"]
[EventDate "2019.12.29"]

1. c4 e5 2. Nc3 Nf6 3. Nf3 Nc6 4. e3 Bb4 5. Nd5 e4 6. Ng1 O-O 7. a3 Bd6 8. d3
exd3 9. Nf3 Ne5 10. Nxe5 Bxe5 11. Bxd3 c6 12. Nxf6+ Bxf6 13. Qc2 h6 14. O-O d6
15. Bd2 a5 16. Bc3 Re8 17. Rad1 Be6 18. Be2 Bxc3 19. Qxc3 Qc7 20. Rd2 Rad8 21.
Rfd1 Rd7 22. c5 dxc5 23. Rxd7 Bxd7 24. Qxc5 Be6 25. Qd4 Re7 26. Qd8+ Qxd8 27.
Rxd8+ Kh7 28. b4 axb4 29. axb4 g5 30. Kf1 Kg7 31. Ke1 Rd7 32. Rxd7 Bxd7 33. Kd2
Kf6 34. f4 Ke7 1/2-1/2

[Event "Mondiale Lampo FIDE 2019"]
[Site "Mosca"]
[Date "29.12.2019"]
[Round "11.10"]
[White "Mamedyarov, Shakhriyar"]
[Black "Abdusattorov, Nodirbek"]
[Result "1-0"]
[WhiteTitle "GM"]
[BlackTitle "GM"]
[WhiteElo "2772"]
[BlackElo "2635"]
[WhiteFideId "13401319"]
[BlackFideId "14204118"]
[EventDate "2019.12.29"]

1. d4 Nf6 2. c4 e6 3. Nc3 Bb4 4. Qc2 O-O 5. e4 d5 6. e5 Ne4 7. Bd3 c5 8. Nf3
cxd4 9. Nxd4 Nd7 10. Bf4 Qb6 11. Nf3 Ndc5 12. O-O Nxd3 13. Qxd3 Bxc3 14. bxc3
Qa6 15. Rfe1 Nc5 16. Qe3 Qxc4 17. Rad1 Ne4 18. Rd4 Qxa2 19. Ng5 a5 20. Nxe4 dxe4
21. Bg5 Qa3 22. Rxe4 Bd7 23. Bf6 Rfc8 24. h3 Qf8 25. Rg4 g6 26. Rd1 Bc6 27. Rh4
Bd5 28. Rdd4 h5 29. Rxh5 gxh5 30. Qg5+ Kh7 31. Qxh5+ 1-0

[Event "Mondiale Lampo FIDE 2019"]
[Site "Mosca"]
[Date "29.12.2019"]
[Round "11.11"]
[White "Karjakin, Sergey"]
[Black "Quparadze, Giga"]
[Result "0-1"]
[WhiteTitle "GM"]
[BlackTitle "GM"]
[WhiteElo "2754"]
[BlackElo "2462"]
[WhiteFideId "14109603"]
[BlackFideId "13602250"]
[EventDate "2019.12.29"]

1. e4 c5 2. Nf3 e6 3. d4 cxd4 4. Nxd4 a6 5. c4 Nf6 6. Nc3 Bb4 7. Qd3 d5 8. exd5
exd5 9. Be2 Nc6 10. Nxc6 bxc6 11. O-O O-O 12. cxd5 Nxd5 13. Nxd5 Qxd5 14. Be3 a5
15. Rfd1 Qxd3 16. Bxd3 Be7 17. Bd4 Be6 18. Bc3 Bd5 19. a3 Rfb8 20. Rd2 g6 21.
Re1 Bf8 22. Be2 Bh6 23. Rd3 Bg7 24. Bxg7 Kxg7 25. Rd2 Rb6 26. Bf3 Bxf3 27. gxf3
Rab8 28. Ree2 Rb3 29. Kg2 R8b5 30. f4 Rf5 31. Re3 Rb7 32. Kg3 Rfb5 33. Ree2 Rb3+
34. Kg2 R7b5 35. Rc2 Rb6 36. f3 R6b5 37. Kg3 Rb6 38. h4 R3b5 39. Red2 h5 40. Re2
a4 41. Rcd2 Rb3 42. Rd7 Rb7 43. Rxb7 Rxb7 44. Rc2 Rb6 45. Kf2 Kf6 46. Ke3 Kf5
47. Rc5+ Ke6 48. Rc4 Rb3+ 49. Kf2 Rxb2+ 50. Kg3 Kd5 51. Rxa4 Rb7 52. f5 c5 53.
fxg6 fxg6 54. Ra8 Rc7 55. Kf4 c4 56. Rd8+ Ke6 57. Ke3 c3 58. Rd1 c2 59. Rc1 Rc3+
60. Ke4 Rxa3 61. Rxc2 Ra4+ 62. Ke3 Rxh4 63. Rc6+ Kf5 64. Rc5+ Kf6 65. Rc6+ Kg5
66. Rc5+ Kh6 67. Kf2 Ra4 68. Kg3 h4+ 69. Kh3 Rf4 70. Rc8 g5 71. Kg2 Ra4 72. Rc6+
Kh5 73. Rc2 Ra3 74. Rb2 Re3 75. Ra2 Kg6 76. Ra6+ Kf5 77. Ra5+ Re5 78. Ra2 Rd5
79. Kf2 Rd4 80. Rb2 Kf4 81. Kg2 Ke3 82. Rb3+ Rd3 83. Rb5 Rd2+ 84. Kh3 Kf4 85.
Rb4+ Kxf3 86. Rb3+ Kf4 87. Rf3+ Ke4 88. Rf1 Rd3+ 89. Kg2 Rg3+ 90. Kh2 Rf3 91.
Ra1 Kf4 92. Ra4+ Kf5 93. Ra5+ Kg4 94. Ra4+ Rf4 95. Ra2 Kh5 96. Kg2 Rg4+ 97. Kh2
Rc4 98. Kg2 Kg4 99. Kh2 h3 100. Ra3 Rc2+ 101. Kg1 Kh4 102. Rb3 g4 103. Rb8 Rc1+ 0-1

[Event "Mondiale Lampo FIDE 2019"]
[Site "Mosca"]
[Date "29.12.2019"]
[Round "11.12"]
[White "Savchenko, Boris"]
[Black "Vachier-Lagrave, Maxime"]
[Result "1/2-1/2"]
[WhiteTitle "GM"]
[BlackTitle "GM"]
[WhiteElo "2577"]
[BlackElo "2780"]
[WhiteFideId "4147332"]
[BlackFideId "623539"]
[EventDate "2019.12.29"]

1. e4 c5 2. Na3 Nc6 3. Bb5 g6 4. c3 Bg7 5. f4 Nf6 6. Qe2 O-O 7. Nf3 d5 8. e5 Ne8
9. h3 Nc7 10. Ba4 f6 11. O-O fxe5 12. fxe5 Ne6 13. d3 a6 14. Bxc6 bxc6 15. Nc2
a5 16. Be3 Qc7 17. c4 Ba6 18. b3 a4 19. b4 dxc4 20. dxc4 cxb4 21. Nxb4 Bb7 22.
Rab1 Rad8 23. Nd3 Qc8 24. Nc5 Ba8 25. Nxa4 Qa6 26. Nc5 Nxc5 27. Bxc5 Rde8 28.
Ng5 Qc8 29. Rxf8+ Rxf8 30. Bxe7 Re8 31. Bd6 Qf5 32. Ne4 Bxe5 33. Bxe5 Rxe5 34.
Re1 Re6 35. c5 Bb7 36. Qc4 Qd5 37. Qb4 Bc8 38. Qb8 Qd8 39. Qb4 Qh4 40. Re3 Qf4
41. Qd4 Qh4 42. g3 Qe7 43. Qc4 Kg7 44. Kf2 Bd7 45. g4 g5 46. Qd4+ Kg6 47. Nd6
Rxe3 48. Qxe3 Qf6+ 49. Kg3 h5 50. gxh5+ Kxh5 51. Qe2+ Kh6 52. Qe3 Kh5 53. Qe2+
Kh6 54. Qe3 1/2-1/2

[Event "Mondiale Lampo FIDE 2019"]
[Site "Mosca"]
[Date "29.12.2019"]
[Round "11.13"]
[White "Zubov, Alexander"]
[Black "Mamedov, Rauf"]
[Result "1-0"]
[WhiteTitle "GM"]
[BlackTitle "GM"]
[WhiteElo "2601"]
[BlackElo "2659"]
[WhiteFideId "14109409"]
[BlackFideId "13401653"]
[EventDate "2019.12.29"]

1. d4 Nf6 2. Nf3 g6 3. Nbd2 d6 4. e4 Bg7 5. Bd3 O-O 6. O-O c5 7. c3 Nc6 8. d5
Nb8 9. Re1 e5 10. a4 Ne8 11. Nc4 h6 12. Nfd2 f5 13. exf5 gxf5 14. f4 Nd7 15. Nf1
e4 16. Be2 Ndf6 17. Ng3 Nh7 18. Ne3 Nc7 19. Rf1 Bd7 20. Qe1 Kh8 21. Kh1 Qe7 22.
Bh5 Rf6 23. b4 b6 24. Bd2 Rg8 25. a5 cxb4 26. axb6 axb6 27. c4 Rff8 28. Ra7 Qd8
29. Bxb4 Ne8 30. Bxe8 Qxe8 31. Bxd6 Rf7 32. Qd2 Qd8 33. Nh5 Qh4 34. Nxg7 Rgxg7
35. Be5 Nf6 36. Qe1 Qh5 37. Qc3 Qg6 38. Rg1 Kh7 39. Rb7 Bc8 40. Rxb6 Ra7 41.
Rxf6 Qh5 42. Rf8 Rg3 43. Rh8+ Kg6 44. Rg8+ 1-0

[Event "Mondiale Lampo FIDE 2019"]
[Site "Mosca"]
[Date "29.12.2019"]
[Round "11.14"]
[White "Fedoseev, Vladimir3"]
[Black "Indjic, Aleksandar"]
[Result "1-0"]
[WhiteTitle "GM"]
[BlackTitle "GM"]
[WhiteElo "2677"]
[BlackElo "2619"]
[WhiteFideId "24130737"]
[BlackFideId "911925"]
[EventDate "2019.12.29"]

1. d4 g6 2. h4 Nf6 3. Nc3 d5 4. Bf4 c6 5. e3 h5 6. Bd3 Bg7 7. Nf3 Bg4 8. Qd2
Nbd7 9. Ng5 Nf8 10. f3 Bc8 11. Ne2 Ne6 12. Be5 O-O 13. Nxe6 Bxe6 14. Nf4 Qd7 15.
g4 hxg4 16. h5 Nxh5 17. Nxh5 Bxe5 18. dxe5 gxh5 19. Qh2 f5 20. Qxh5 1-0

[Event "Mondiale Lampo FIDE 2019"]
[Site "Mosca"]
[Date "29.12.2019"]
[Round "11.15"]
[White "Jobava, Baadur"]
[Black "Motylev, Alexander"]
[Result "1-0"]
[WhiteTitle "GM"]
[BlackTitle "GM"]
[WhiteElo "2604"]
[BlackElo "2640"]
[WhiteFideId "13601520"]
[BlackFideId "4121830"]
[EventDate "2019.12.29"]

1. b3 e5 2. Bb2 Nc6 3. Nf3 e4 4. Nd4 Nxd4 5. Bxd4 Nf6 6. e3 d5 7. c4 c5 8. Bxf6
Qxf6 9. Nc3 dxc4 10. Bxc4 Qe5 11. f4 exf3 12. Qxf3 Qf5 13. Qg3 Be6 14. Rf1 Qg6
15. Qc7 Be7 16. Qxb7 Rd8 17. Qc6+ Bd7 18. Qxg6 fxg6 19. Bf7+ Kf8 20. Be6+ Bf6
21. Bxd7 Rxd7 22. Ne4 Ke7 23. Rc1 Rc8 24. Rxc5 Rdc7 25. d4 Rxc5 26. Nxc5 a5 27.
Kd2 Rb8 28. Kd3 Rb4 29. a3 Rb8 30. Kc4 Kd6 31. e4 1-0

[Event "Mondiale Lampo FIDE 2019"]
[Site "Mosca"]
[Date "29.12.2019"]
[Round "11.16"]
[White "Gelfand, Boris"]
[Black "Gareyev, Timur"]
[Result "0-1"]
[WhiteTitle "GM"]
[BlackTitle "GM"]
[WhiteElo "2684"]
[BlackElo "2598"]
[WhiteFideId "2805677"]
[BlackFideId "14200937"]
[EventDate "2019.12.29"]

1. d4 d6 2. Nf3 h6 3. e4 g5 4. Nc3 Bg7 5. Be3 a6 6. Qd2 Nd7 7. O-O-O b5 8. e5
Nb6 9. Bd3 Be6 10. Qe2 b4 11. Ne4 Bd5 12. h4 g4 13. Nh2 h5 14. f3 Qd7 15. fxg4
Qa4 16. Bg5 Qxa2 17. exd6 Qa1+ 18. Kd2 Qxb2 19. Nf3 hxg4 20. Ne5 Qxd4 21. d7+
Kd8 22. Nxg4 f5 23. Ngf2 fxe4 24. Nxe4 Nc4+ 25. Ke1 Nb2 26. Be3 Nxd3+ 27. cxd3
Qb2 28. Rd2 Bc3 29. Nxc3 Qxc3 30. Bg5 Nf6 31. O-O Qd4 0-1

[Event "Mondiale Lampo FIDE 2019"]
[Site "Mosca"]
[Date "29.12.2019"]
[Round "11.17"]
[White "Tari, Aryan"]
[Black "Vavulin, Maxim"]
[Result "0-1"]
[WhiteTitle "GM"]
[BlackTitle "GM"]
[WhiteElo "2634"]
[BlackElo "2556"]
[WhiteFideId "1510045"]
[BlackFideId "4169530"]
[EventDate "2019.12.29"]

1. e4 g6 2. d4 Bg7 3. Nf3 d6 4. Bc4 e6 5. O-O Ne7 6. Bb3 b6 7. Re1 Bb7 8. Nbd2
O-O 9. Nf1 c5 10. c3 Nbc6 11. Ng3 Rc8 12. h4 h6 13. a3 Qc7 14. Be3 Na5 15. Ba2
cxd4 16. Bxd4 e5 17. Be3 Rfd8 18. h5 d5 19. Nh4 Nc4 20. hxg6 fxg6 21. Qc1 Kh7
22. Bb1 Nxe3 23. Qxe3 d4 24. cxd4 exd4 25. Qe2 Qf4 26. Nf3 Nc6 27. Bd3 Ne5 28.
Nxe5 Bxe5 29. Nf1 h5 30. g3 Qg4 31. Qxg4 hxg4 32. Rac1 Rc5 33. Rxc5 bxc5 34. Rc1
Rc8 35. Nd2 Kg7 36. Nc4 Bc7 37. Re1 Rf8 38. b4 cxb4 39. axb4 Rf3 40. Rd1 Ba6 41.
Nb2 Bb7 42. Rc1 Bd6 43. Rc4 Be5 44. Rc5 Bd6 45. Rc4 Be5 46. b5 Rf7 47. Ra4 Bc8
48. Nc4 Bb8 49. Na5 Bc7 50. Nc6 Bb6 51. e5 Rf3 52. Be4 Rf7 53. Nxd4 Rd7 54. Ne6+
Kh6 55. Nf4 Rd1+ 56. Kg2 Bc7 57. Nxg6 Bb6 58. Ra2 Re1 59. Bd3 Bb7+ 0-1